000 00525nam a2200205Ia 4500
003 OSt
005 20220928144724.0
006 a|||||r|||| 00| 0
007 ta
008 220927b |||||||| |||| 00| 0 eng d
024 _a73265
037 _cTextual
040 _aSDCL
_cSDCL
_beng
041 _2eng
_aeng
082 _aY:5.2sN71, L5 RR
245 0 _aCENSUS OF India, 1971
_b General population tables.
260 _c1975
942 _hY:5.2sN71, L5 RR
_cTEXL
_2CC
999 _c829170
_d829170